Informe anual sobre derechos humanos en Chile 2017
Αποθηκεύτηκε σε:
| Συλλογικό Έργο: | , , |
|---|---|
| Μορφή: | Βιβλίο |
| Γλώσσα: | Ισπανικά |
| Έκδοση: |
Santiago
Ediciones Universidad Diego Portales
2017
|
| Έκδοση: | 1a. ed |
| Θέματα: | |
| Ετικέτες: |
Προσθήκη ετικέτας
Δεν υπάρχουν, Καταχωρήστε ετικέτα πρώτοι!
|
MARC
| LEADER | 00000cam a2200000 a 4500 | ||
|---|---|---|---|
| 001 | UCC3026 | ||
| 003 | CL-VaPUC | ||
| 008 | 180406e20171100cl |||||||||||||||||spa|d | ||
| 020 | |a 9789563143928 | ||
| 082 | 0 | 4 | |a 323.983 |b UNI |2 21 |
| 110 | 2 | |a Universidad Diego Portales |e author |9 597054 | |
| 710 | 2 | |a Facultad de Derecho |e author |9 597055 | |
| 710 | 2 | |a Centro de Derechos Humanos |e author |9 597056 | |
| 245 | 1 | 0 | |a Informe anual sobre derechos humanos en Chile 2017 |
| 250 | |a 1a. ed | ||
| 300 | |a 469 p | ||
| 942 | |c BK | ||
| 945 | |d 20180406 12:36:00 |a arojas | ||
| 260 | |a Santiago |b Ediciones Universidad Diego Portales |c 2017 | ||
| 650 | 0 | |a Derechos humanos |9 223025 | |
| 650 | 7 | |a DERECHO PENAL |2 CL-VaPUC |9 11 | |
| 650 | 0 | |a Pueblos indígenas |9 357564 | |
| 583 | |a last modification |c 20180406 12:36:00 |k Rodrigo Vera | ||
| 999 | |c 370889 |d 370887 | ||
| 952 | |0 0 |1 0 |3 erb |4 0 |6 323_983000000000000_UNI_2017 |7 0 |8 A |9 487603 |a BIBDER |b BIBDER |i 5461588 |o 323.983 UNI 2017 |p 5461588 |r 2023-01-25 |w 2019-11-24 |y BK |z Catalogado en:20180406 |k DER | ||